Library Logo

Pioneer International University Library Catalogue

Unfaithful angels : (Record no. 441)

MARC details
000 -LEADER
fixed length control field 00618cam a2200169 a 4500
005 - DATE AND TIME OF LATEST TRANSACTION
control field 20250901165219.0
008 - FIXED-LENGTH DATA ELEMENTS--GENERAL INFORMATION
fixed length control field 930514s1994 nyua b 001 0 eng
010 ## - LIBRARY OF CONGRESS CONTROL NUMBER
LC control number 93023934
020 ## - INTERNATIONAL STANDARD BOOK NUMBER
International Standard Book Number 0029303559 :
Terms of availability $22.95
050 00 - LIBRARY OF CONGRESS CALL NUMBER
Classification number HV91 .S6292 1994
Item number .S6292 1994
082 00 - DEWEY DECIMAL CLASSIFICATION NUMBER
Classification number 361.973
Edition information 20
100 1# - MAIN ENTRY--PERSONAL NAME
Personal name Specht, Harry.
245 10 - TITLE STATEMENT
Title Unfaithful angels :
Remainder of title how social work has abandoned its mission /
Statement of responsibility, etc. Harry Specht, Mark E. Courtney.
260 ## - PUBLICATION, DISTRIBUTION, ETC.
Place of publication, distribution, etc. New York :
Name of publisher, distributor, etc. Free Press ;
Place of publication, distribution, etc. Toronto :
Name of publisher, distributor, etc. Maxwell Macmillan Canada ;
Place of publication, distribution, etc. New York :
Name of publisher, distributor, etc. Maxwell Macmillan International,
Date of publication, distribution, etc. c1994.
300 ## - PHYSICAL DESCRIPTION
Extent xii, 209 p. :
Other physical details ill. ;
Dimensions 25 cm.
942 ## - ADDED ENTRY ELEMENTS (KOHA)
Source of classification or shelving scheme Dewey Decimal Classification
Holdings
Withdrawn status Lost status Source of classification or shelving scheme Damaged status Not for loan Home library Current library Shelving location Date acquired Total checkouts Full call number Barcode Date last seen Price effective from Koha item type
    Library of Congress Classification     Main Library Main Library   02/22/2021   HV91 .S6292 1994 PIU0006265 02/22/2021 02/22/2021 Books